[Event "Contrecoeur op U2000"]
[Site "Contrecoeur CAN"]
[Date "2019.11.03"]
[Round "5.1"]
[White "Mathieu, Guillaume"]
[Black "Mathieu, Jeremie"]
[Result "1/2-1/2"]
[WhiteElo "1864"]
[BlackElo "1701"]
[PlyCount "41"]
[EventDate "2019.11.01"]
[EventType "swiss"]
[EventRounds "5"]
[EventCountry "CAN"]

1. d4 Nf6 2. c4 g6 3. Nc3 Bg7 4. e4 d6 5. f4 O-O 6. Nf3 c5 7. d5 Bg4 8. Be2 e6
9. h3 Bxf3 10. Bxf3 exd5 11. cxd5 Re8 12. O-O Nbd7 13. Re1 a6 14. a4 Rb8 15. a5
b5 16. axb6 Qxb6 17. Qa4 Qb4 18. Qxb4 cxb4 19. Na4 Nxd5 20. Bd2 Nc7 21. Rac1
1/2-1/2

[Event "Contrecoeur op U2000"]
[Site "Contrecoeur CAN"]
[Date "2019.11.03"]
[Round "5.2"]
[White "Alcantara, Maximo jr"]
[Black "Mangahas, Ronald"]
[Result "0-1"]
[WhiteElo "1697"]
[BlackElo "1869"]
[PlyCount "86"]
[EventDate "2019.11.01"]
[EventType "swiss"]
[EventRounds "5"]
[EventCountry "CAN"]

1. Nf3 Nf6 2. d4 g6 3. g3 Bg7 4. Bg2 d6 5. O-O O-O 6. Re1 Nbd7 7. c3 e5 8. e3
Qe7 9. b4 Re8 10. Bb2 Nb6 11. Nfd2 Nfd5 12. Qb3 c6 13. Na3 Be6 14. c4 Nc7 15.
Nc2 d5 16. c5 Nc4 17. Bc3 Nxd2 18. Bxd2 e4 19. a4 a6 20. Na3 h5 21. b5 Reb8 22.
f3 h4 23. b6 Ne8 24. Qc2 f5 25. f4 hxg3 26. hxg3 Nf6 27. Bh3 Kf7 28. Bf1 Rh8
29. Be2 g5 30. Bc3 gxf4 31. exf4 Rag8 32. Kg2 Bh6 33. Bd2 Ng4 34. Bxg4 Rxg4 35.
Rh1 Qf6 36. Rh3 Rhg8 37. Qc3 Bxf4 38. Bxf4 Rxf4 39. Rh7+ Rg7 40. Rah1 Rf3 41.
Rxg7+ Qxg7 42. Qe1 Rxa3 43. Rh3 f4 0-1

[Event "Contrecoeur op U2000"]
[Site "Contrecoeur CAN"]
[Date "2019.11.03"]
[Round "5.3"]
[White "Craciun, David"]
[Black "Gauthier, Denis"]
[Result "1/2-1/2"]
[WhiteElo "1771"]
[BlackElo "1836"]
[PlyCount "73"]
[EventDate "2019.11.01"]
[EventType "swiss"]
[EventRounds "5"]
[EventCountry "CAN"]

1. d4 Nf6 2. Bf4 c5 3. e3 e6 4. Nd2 Nc6 5. Ngf3 Be7 6. h3 O-O 7. c3 d5 8. Bd3
b6 9. O-O Bb7 10. Ne5 Nxe5 11. dxe5 Ne4 12. f3 Nxd2 13. Qxd2 f5 14. Rad1 Qe8
15. c4 Rd8 16. Qc2 Qc6 17. cxd5 Rxd5 18. e4 fxe4 19. fxe4 Rdd8 20. Qb3 c4 21.
Qxc4 Qxc4 22. Bxc4 Rxd1 23. Bxe6+ Kh8 24. Rxd1 Bc5+ 25. Kh2 Rxf4 26. Bf5 g6 27.
Kg3 Rf2 28. b4 gxf5 29. bxc5 Rxa2 30. Rd8+ Kg7 31. Rd7+ Kg6 32. exf5+ Kxf5 33.
Rxb7 bxc5 34. Rc7 Kxe5 35. Rxc5+ Kf6 36. Rc7 Kg6 37. Rc6+ 1/2-1/2

[Event "Contrecoeur op U2000"]
[Site "Contrecoeur CAN"]
[Date "2019.11.03"]
[Round "5.4"]
[White "Mercure, Gilbert"]
[Black "Simard, Francois"]
[Result "0-1"]
[WhiteElo "1802"]
[BlackElo "1788"]
[PlyCount "106"]
[EventDate "2019.11.01"]
[EventType "swiss"]
[EventRounds "5"]
[EventCountry "CAN"]

1. e4 c5 2. Nf3 e6 3. d4 cxd4 4. c3 dxc3 5. Nxc3 Nc6 6. Bc4 Na5 7. Bd3 b6 8. a3
Bb7 9. Bf4 a6 10. b4 Nc6 11. Qe2 b5 12. O-O g6 13. Rac1 Bh6 14. Bxh6 Nxh6 15.
Qe3 Ng8 16. Rfd1 Kf8 17. e5 Kg7 18. h4 Nce7 19. Nd4 Nd5 20. Nxd5 Bxd5 21. Be4
Ne7 22. h5 h6 23. hxg6 fxg6 24. Bc2 Nf5 25. Bxf5 gxf5 26. Nxf5+ Kg6 27. Nd6 Qg5
28. Qd3+ Kg7 29. Nf5+ Kf8 30. Ne3 Rg8 31. g3 Bf3 32. Qd6+ Kg7 33. Rd4 Kh8 34.
Rd3 Qf4 35. Rc2 Be4 36. Ng2 Qf5 37. Rcd2 Qh3 38. f4 Bxd3 39. Rxd3 Rxg3 40. Rxg3
Qxg3 41. Qxd7 Rg8 42. Qd2 Qxg2+ 43. Qxg2 Rxg2+ 44. Kxg2 Kg7 45. Kg3 Kg6 46. Kg4
h5+ 47. Kh4 Kf5 48. Kg3 h4+ 49. Kf3 h3 50. Kg3 h2 51. Kxh2 Kxf4 52. Kg2 Kxe5
53. Kf3 Kd4 0-1

[Event "Contrecoeur op U2000"]
[Site "Contrecoeur CAN"]
[Date "2019.11.03"]
[Round "5.5"]
[White "Wang, Rachel"]
[Black "Gerard, Patrice"]
[Result "0-1"]
[WhiteElo "1752"]
[BlackElo "1726"]
[PlyCount "94"]
[EventDate "2019.11.01"]
[EventType "swiss"]
[EventRounds "5"]
[EventCountry "CAN"]

1. d4 Nf6 2. c4 c5 3. Nf3 g6 4. Nc3 b6 5. d5 Bg7 6. e4 d6 7. Be2 O-O 8. O-O Na6
9. Ne1 Bb7 10. f3 Nc7 11. Be3 Qd7 12. Rc1 a6 13. Na4 Qe8 14. Nxb6 Rb8 15. Nd3
Bc6 16. dxc6 Rxb6 17. b4 Qxc6 18. bxc5 dxc5 19. Bxc5 Rb2 20. Bxe7 Rxa2 21. Bxf8
Bxf8 22. Rc2 Ra3 23. Nf4 a5 24. Nd5 Na6 25. Qc1 a4 26. Kh1 Rb3 27. Rb2 Nc5 28.
Rxb3 Nxb3 29. Qc3 Nxd5 30. exd5 Qc5 31. Bd1 Bg7 32. Qd3 Nc1 33. Qc2 a3 34. Be2
Nxe2 35. Qxe2 Bb2 36. Qe8+ Kg7 37. Qa4 Qe3 38. Rd1 Be5 39. Qc2 Qf4 40. g3 Qxf3+
41. Kg1 Bd6 42. c5 Bxc5+ 43. Qxc5 Qxd1+ 44. Kf2 Qd2+ 45. Kf3 a2 46. d6 a1=Q 47.
Qc7 Qf6+ 0-1

[Event "Contrecoeur op U2000"]
[Site "Contrecoeur CAN"]
[Date "2019.11.03"]
[Round "5.7"]
[White "Kozlov, Guennadi"]
[Black "Sonn, Eric"]
[Result "1-0"]
[WhiteElo "1713"]
[BlackElo "1540"]
[PlyCount "65"]
[EventDate "2019.11.01"]
[EventType "swiss"]
[EventRounds "5"]
[EventCountry "CAN"]

1. c4 Nf6 2. g3 c5 3. Bg2 Nc6 4. Nc3 e6 5. a3 Be7 6. e3 O-O 7. Nge2 d5 8. cxd5
exd5 9. d4 Bf5 10. O-O Qd7 11. Nf4 Be4 12. Nxe4 dxe4 13. dxc5 Qf5 14. b4 g5 15.
Ne2 Ne5 16. Nd4 Qg6 17. Qe2 h5 18. Bb2 g4 19. Rfd1 Rad8 20. Nb5 Nd3 21. Bd4 a6
22. Nc3 h4 23. Nxe4 Nxe4 24. Qxd3 f5 25. Qc4+ Kh7 26. Be5 Nd2 27. Qe2 Ne4 28.
Rxd8 Bxd8 29. Rd1 Re8 30. Rd7+ Re7 31. Qd3 Qe6 32. Bxe4 Qxe5 33. Bxf5+ 1-0

[Event "Contrecoeur op U2000"]
[Site "Contrecoeur CAN"]
[Date "2019.11.03"]
[Round "5.8"]
[White "Wang, Isabelle"]
[Black "Lepine, Yannick"]
[Result "1/2-1/2"]
[WhiteElo "1692"]
[BlackElo "1632"]
[PlyCount "132"]
[EventDate "2019.11.01"]
[EventType "swiss"]
[EventRounds "5"]
[EventCountry "CAN"]

1. e4 c5 2. Nf3 d6 3. d4 cxd4 4. Nxd4 Nc6 5. Be2 Nf6 6. Nc3 g6 7. Be3 Bg7 8.
O-O O-O 9. Nb3 a6 10. a4 Be6 11. Nd4 Nxd4 12. Bxd4 Rc8 13. Kh1 Qa5 14. Rb1 Qb4
15. Nd5 Bxd5 16. c3 Bb3 17. cxb4 Bxd1 18. Rbxd1 Nxe4 19. Bf3 f5 20. Bxg7 Kxg7
21. Bxe4 fxe4 22. b5 axb5 23. axb5 Rc2 24. Kg1 Rxb2 25. Rd4 Re2 26. Rc4 Kf6 27.
Rc7 Rb8 28. Rb1 Ke6 29. g3 e3 30. fxe3 Rxe3 31. Kf2 Re5 32. b6 Rf8+ 33. Kg1 Rb8
34. Kf2 Kf7 35. Kf3 h5 36. Ra1 Rc5 37. Ra7 Rxc7 38. bxc7 Rc8 39. Rxb7 Ke6 40.
Kf4 Kd7 41. Kg5 Rxc7 42. Rxc7+ Kxc7 43. Kxg6 Kc6 44. Kxh5 d5 45. Kg5 d4 46. Kf4
Kc5 47. h4 Kc4 48. h5 d3 49. Ke3 Kc3 50. h6 d2 51. h7 d1=Q 52. h8=Q+ Kc4 53.
Qc8+ Kb5 54. Qb7+ Ka4 55. Qa6+ Kb4 56. Qb6+ Kc3 57. Qc5+ Kb3 58. Qb5+ Kc3 59.
Qe5+ Kc4 60. Qe4+ Kc3 61. Qc6+ Kb4 62. Qb7+ Kc3 63. Qc8+ Kb4 64. Qb8+ Kc4 65.
Qf4+ Kc3 66. Qe5+ Kc4 1/2-1/2

[Event "Contrecoeur op U2000"]
[Site "Contrecoeur CAN"]
[Date "2019.11.03"]
[Round "5.9"]
[White "Adam, Rafael"]
[Black "He, Jiaqi"]
[Result "1-0"]
[WhiteElo "1678"]
[BlackElo "1626"]
[PlyCount "75"]
[EventDate "2019.11.01"]
[EventType "swiss"]
[EventRounds "5"]
[EventCountry "CAN"]

1. d4 Nf6 2. Bg5 e6 3. e3 b6 4. Nd2 Bb7 5. Ngf3 c5 6. c3 Be7 7. Bd3 O-O 8. O-O
h6 9. Bh4 d6 10. Qe2 Nbd7 11. h3 Rc8 12. Bg3 Re8 13. Rad1 Bf8 14. Rfe1 e5 15.
dxe5 dxe5 16. e4 Bd6 17. Bb5 Bc6 18. Ba6 Ra8 19. Nc4 Bc7 20. Ncxe5 Bxe5 21.
Nxe5 Bxe4 22. Nxd7 Nxd7 23. Bb5 Re7 24. Rxd7 Rxd7 25. Bxd7 Bd5 26. Qe8+ Qxe8
27. Rxe8+ Rxe8 28. Bxe8 Bxa2 29. Bb8 Kf8 30. Bb5 a5 31. Ba7 c4 32. Bxb6 Ke7 33.
Bxa5 Bb3 34. Kf1 Ke6 35. Ke2 Ke5 36. Ke3 g5 37. g4 f6 38. Bb4 1-0

[Event "Contrecoeur op U2000"]
[Site "Contrecoeur CAN"]
[Date "2019.11.03"]
[Round "5.10"]
[White "Mai, Deren"]
[Black "Hu, Raymond"]
[Result "0-1"]
[WhiteElo "1638"]
[BlackElo "1512"]
[PlyCount "116"]
[EventDate "2019.11.01"]
[EventType "swiss"]
[EventRounds "5"]
[EventCountry "CAN"]

1. e4 c5 2. Nc3 Nc6 3. g3 d6 4. Bg2 g6 5. d3 Bg7 6. Nge2 e6 7. O-O Nge7 8. Be3
O-O 9. f4 b6 10. h3 d5 11. Bf2 d4 12. Nb1 Bb7 13. Nd2 Qd7 14. g4 f5 15. Ng3
fxe4 16. Ngxe4 Rxf4 17. Re1 e5 18. Bg3 Rff8 19. Ng5 Nd5 20. Nc4 b5 21. Bxd5+
Qxd5 22. Nd2 Bh6 23. Nge4 Be3+ 24. Kh2 Ne7 25. Nf1 Bf2 26. Re2 Bxg3+ 27. Nfxg3
Rf4 28. Qg1 Raf8 29. b3 Bc6 30. Rf1 Rxf1 31. Nxf1 Rf4 32. Nfg3 Kg7 33. Rf2 Qf7
34. Rxf4 Qxf4 35. Qf2 Qxf2+ 36. Nxf2 Bd5 37. Nge4 c4 38. dxc4 bxc4 39. Nc5 cxb3
40. axb3 Nc6 41. Nfe4 h6 42. Nd2 Nb4 43. Nd3 Nxd3 44. cxd3 a5 45. Kg3 Kf7 46.
Nc4 Bxc4 47. dxc4 Ke6 48. Kf3 Kd6 49. Ke4 h5 50. g5 h4 51. Kd3 Kc5 52. Ke4 Kb4
53. Kd3 a4 54. bxa4 Kxa4 55. Ke4 Kb4 56. Kd5 d3 57. c5 d2 58. c6 d1=Q+ 0-1

[Event "Contrecoeur op U2000"]
[Site "Contrecoeur CAN"]
[Date "2019.11.03"]
[Round "5.11"]
[White "He, Zekai"]
[Black "Levasseur, Sylvain"]
[Result "1/2-1/2"]
[WhiteElo "1651"]
[BlackElo "1562"]
[PlyCount "48"]
[EventDate "2019.11.01"]
[EventType "swiss"]
[EventRounds "5"]
[EventCountry "CAN"]

1. e4 e5 2. Nf3 Nc6 3. Bc4 Bc5 4. d3 d6 5. c3 Nf6 6. O-O h6 7. Nbd2 O-O 8. Re1
a6 9. b4 Ba7 10. Nf1 Ne7 11. Ng3 b5 12. Bb3 Ng6 13. a3 Bg4 14. h3 Bd7 15. Be3
Qc8 16. Qe2 c6 17. Rac1 Qb7 18. c4 Bb6 19. Rc2 Rfc8 20. Rec1 Be6 21. Nd2 c5 22.
Kh2 Qe7 23. Kg1 Nd7 24. Kh2 Nf6 1/2-1/2

[Event "Divinsky mem."]
[Site "Winnipeg MAN"]
[Date "2019.04.02"]
[Round "1.1"]
[White "Crawford, Gary"]
[Black "Wolchock, Theo"]
[Result "0-1"]
[WhiteElo "1584"]
[BlackElo "2183"]
[PlyCount "34"]
[EventDate "2019.04.02"]
[EventType "swiss"]
[EventRounds "4"]
[EventCountry "CAN"]

1. e4 c5 2. Nf3 g6 3. c3 Bg7 4. Bc4 e6 5. O-O Nc6 6. a3 d5 7. exd5 exd5 8. Re1+
Nge7 9. Bb5 O-O 10. d4 cxd4 11. Bg5 Qb6 12. Bxe7 Nxe7 13. Nxd4 Bxd4 14. Qxd4
Qxb5 15. Rxe7 Qxb2 16. Nd2 Qxa1+ 17. Nf1 Qxa3 0-1

[Event "Divinsky mem."]
[Site "Winnipeg MAN"]
[Date "2019.04.02"]
[Round "1.2"]
[White "Abioye, Yemi"]
[Black "Magyar, Peter"]
[Result "1-0"]
[WhiteElo "2047"]
[BlackElo "1518"]
[PlyCount "119"]
[EventDate "2019.04.02"]
[EventType "swiss"]
[EventRounds "4"]
[EventCountry "CAN"]

1. e4 e6 2. d4 d5 3. exd5 exd5 4. h3 Nf6 5. Nf3 h6 6. Bd3 Bd6 7. O-O O-O 8. c3
Be6 9. Re1 Nbd7 10. Qc2 a6 11. Ne5 Ne4 12. Bxe4 dxe4 13. Qxe4 c6 14. Be3 f5 15.
Qf3 Rf6 16. Bf4 g5 17. Nxd7 Qxd7 18. Bxd6 Qxd6 19. Qe3 f4 20. Qe5 Bd5 21. Qxd6
Rxd6 22. f3 Re6 23. Rxe6 Bxe6 24. Nd2 b5 25. Ne4 Rd8 26. a3 Kg7 27. Re1 Bf7 28.
Nc5 a5 29. Ne6+ Bxe6 30. Rxe6 Rc8 31. Re7+ Kf6 32. Rh7 Kg6 33. Rb7 h5 34. d5
Kf6 35. dxc6 Rxc6 36. Rxb5 a4 37. Rb4 Ra6 38. h4 Ra5 39. Kf2 Kf5 40. g3 fxg3+
41. Kxg3 Kf6 42. hxg5+ Rxg5+ 43. Kh4 Rg1 44. Kxh5 Rh1+ 45. Kg4 Rg1+ 46. Kf4 Rb1
47. c4 Ke6 48. Ke4 Kd6 49. f4 Kc5 50. f5 Re1+ 51. Kf4 Re2 52. f6 Rf2+ 53. Ke5
Re2+ 54. Kf5 Rf2+ 55. Ke6 Re2+ 56. Kf7 Rd2 57. Kf8 Rd8+ 58. Kg7 Ra8 59. f7 Ra7
60. Kg8 1-0

[Event "Divinsky mem."]
[Site "Winnipeg MAN"]
[Date "2019.04.02"]
[Round "1.3"]
[White "Myrzaibraimova, Aibike"]
[Black "Boron, Anthony"]
[Result "0-1"]
[WhiteElo "1509"]
[BlackElo "1983"]
[PlyCount "70"]
[EventDate "2019.04.02"]
[EventType "swiss"]
[EventRounds "4"]
[EventCountry "CAN"]

1. e4 e6 2. d4 d5 3. Nc3 dxe4 4. Nxe4 Bd7 5. Nf3 Bc6 6. Bd3 Nd7 7. O-O Ngf6 8.
Nxf6+ Nxf6 9. c3 Bd6 10. h3 O-O 11. Bg5 h6 12. Bh4 a5 13. Ne5 Bxe5 14. dxe5 Qd5
15. Qf3 Qxe5 16. Bxf6 Qxf6 17. Qg3 Rfd8 18. Rfd1 Rd6 19. Rd2 Qg5 20. Qxg5 hxg5
21. Kf1 Rad8 22. Rad1 Be4 23. Ke2 Bxg2 24. Rg1 Be4 25. Rg3 f5 26. Re3 Kf7 27.
f3 Bc6 28. b3 Kf6 29. Kf2 f4 30. Re1 Rxd3 31. Rxd3 Rxd3 32. c4 Rxf3+ 33. Kg2
Rxb3+ 34. Kh2 Rb2+ 35. Kg1 e5 0-1

[Event "Divinsky mem."]
[Site "Winnipeg MAN"]
[Date "2019.04.02"]
[Round "1.4"]
[White "Czypinski, Jaroslaw"]
[Black "Piche, Zachary"]
[Result "1-0"]
[WhiteElo "1929"]
[BlackElo "1495"]
[PlyCount "75"]
[EventDate "2019.04.02"]
[EventType "swiss"]
[EventRounds "4"]
[EventCountry "CAN"]

1. e4 c5 2. d4 cxd4 3. c3 Nf6 4. Bc4 Nc6 5. Nf3 Nxe4 6. Nxd4 g6 7. Nf3 Nf6 8.
Ng5 d5 9. Bb3 Bg7 10. O-O Bf5 11. Nd2 O-O 12. Ndf3 h6 13. Nh3 Bxh3 14. gxh3 Qd7
15. Kg2 e6 16. Bf4 Nh5 17. Bg3 Nxg3 18. hxg3 Rad8 19. Qe2 Qc7 20. Rad1 d4 21.
cxd4 Nxd4 22. Nxd4 Bxd4 23. Rd3 Bg7 24. Rfd1 Rxd3 25. Rxd3 Rd8 26. Rxd8+ Qxd8
27. Bc4 Qd4 28. b3 Qb2 29. Qf3 Bd4 30. a4 Qd2 31. h4 g5 32. hxg5 hxg5 33. Be2
f5 34. Bc4 Qe1 35. Qxf5 Kg7 36. Qxg5+ Kh7 37. Qh4+ Kg6 38. Qxd4 1-0

[Event "Divinsky mem."]
[Site "Winnipeg MAN"]
[Date "2019.04.02"]
[Round "1.5"]
[White "Gannon, Keith"]
[Black "Prince, Colin"]
[Result "0-1"]
[WhiteElo "1481"]
[BlackElo "1839"]
[PlyCount "64"]
[EventDate "2019.04.02"]
[EventType "swiss"]
[EventRounds "4"]
[EventCountry "CAN"]

1. d4 Nf6 2. c4 e5 3. dxe5 Ng4 4. e6 fxe6 5. Nf3 Bc5 6. Bg5 Bxf2+ 7. Kd2 Nf6 8.
e4 Nxe4+ 9. Ke2 Nxg5 10. Nxg5 Qxg5 11. Kxf2 Nc6 12. Nd2 Qc5+ 13. Ke2 b5 14. Rc1
Ba6 15. Nb3 Qe5+ 16. Kd2 bxc4 17. Bxc4 Qf4+ 18. Ke1 Bxc4 19. Qh5+ g6 20. Qf3
Qxf3 21. gxf3 Bxb3 22. axb3 Rb8 23. Rc3 Ke7 24. h4 Rb5 25. f4 Rf8 26. Rf3 Nd4
27. Rc3 c6 28. h5 gxh5 29. Rch3 h4 30. Kd2 Rxf4 31. Kc3 Rxb3+ 32. Kc4 d5+ 0-1

[Event "Divinsky mem."]
[Site "Winnipeg MAN"]
[Date "2019.04.02"]
[Round "1.6"]
[White "MacPherson, Al"]
[Black "Trueman, Francis"]
[Result "1-0"]
[WhiteElo "1688"]
[BlackElo "1433"]
[PlyCount "84"]
[EventDate "2019.04.02"]
[EventType "swiss"]
[EventRounds "4"]
[EventCountry "CAN"]

1. d4 Nf6 2. c4 d6 3. Nc3 g6 4. e4 Nbd7 5. f4 e5 6. fxe5 dxe5 7. d5 Nc5 8. Qc2
Nh5 9. Nf3 Bg7 10. Be3 Nd7 11. Be2 O-O 12. O-O Nhf6 13. Ne1 Qe7 14. Bf3 h5 15.
Rd1 Nh7 16. Nb5 Ndf6 17. Nd3 b6 18. c5 Ne8 19. Nb4 Ng5 20. d6 Nxf3+ 21. gxf3
cxd6 22. cxd6 Qe6 23. Nd5 Bd7 24. Nbc7 Nxc7 25. Nxc7 Qxa2 26. Nxa8 Ba4 27. Qb1
Qxb1 28. Rxb1 Rxa8 29. Rbc1 Bf6 30. Rc3 Rd8 31. Ra1 Bb5 32. Rxa7 Rxd6 33. Rcc7
Rd1+ 34. Kg2 Bf1+ 35. Kg3 Be2 36. Kf2 Bb5 37. Kg3 h4+ 38. Kf2 Rf1+ 39. Kg2 Re1
40. Bxb6 Re2+ 41. Kh3 Rxb2 42. Ra1 Be2 {scoresheets unclear.} 1-0

[Event "Divinsky mem."]
[Site "Winnipeg MAN"]
[Date "2019.04.02"]
[Round "1.7"]
[White "Myrzaibraimova, Alia"]
[Black "Melnyk, Jim"]
[Result "0-1"]
[WhiteElo "1272"]
[BlackElo "1673"]
[PlyCount "96"]
[EventDate "2019.04.02"]
[EventType "swiss"]
[EventRounds "4"]
[EventCountry "CAN"]

1. e4 Nc6 2. Nf3 e5 3. Nc3 Nf6 4. Bc4 Bc5 5. O-O a6 6. a4 O-O 7. d3 h6 8. Be3
Be7 9. h3 d6 10. Ra3 d5 11. exd5 Bxa3 12. bxa3 Ne7 13. Nxe5 Nexd5 14. Nxd5 Nxd5
15. Bxd5 Qxd5 16. Nf3 Bd7 17. c4 Qc6 18. Re1 Qxa4 19. Qxa4 Bxa4 20. Bf4 Rac8
21. d4 f6 22. d5 b5 23. c5 Bb3 24. d6 cxd6 25. Bxd6 Rfe8 26. Rc1 Bd5 27. Nd4
Red8 28. Nf5 Kf7 29. Ne7 Rxd6 30. Nxc8 Rc6 31. Nb6 Be6 32. a4 bxa4 33. Nxa4 Bb3
34. Nb2 Ke6 35. Ra1 Kd5 36. Nd3 Kc4 37. Nf4 Kxc5 38. Rc1+ Kb5 39. Rxc6 Kxc6 40.
Ne6 Bxe6 41. f4 a5 42. g4 a4 43. f5 Bd5 44. Kh2 a3 45. Kg3 a2 46. Kh4 a1=Q 47.
Kh5 Bf7+ 48. Kh4 Qe1# 0-1

[Event "Divinsky mem."]
[Site "Winnipeg MAN"]
[Date "2019.04.09"]
[Round "2.1"]
[White "Wolchock, Theo"]
[Black "Prince, Colin"]
[Result "1-0"]
[WhiteElo "2183"]
[BlackElo "1839"]
[Annotator "aboro"]
[PlyCount "129"]
[EventDate "2019.04.02"]
[EventType "swiss"]
[EventRounds "4"]
[EventCountry "CAN"]

1. e4 e5 2. Nf3 Nc6 3. Bb5 a6 4. Ba4 Nf6 5. Qe2 b5 6. Bb3 Bc5 7. c3 O-O 8. O-O
d6 9. Rd1 Bg4 10. h3 Bh5 11. d3 h6 12. Nbd2 a5 13. Nf1 a4 14. Bc2 Qe7 15. Ng3
Bg6 16. d4 Bb6 17. Qxb5 Nd8 18. dxe5 Ne8 19. exd6 Nxd6 20. Qe5 Ne6 21. Nf5 Bxf5
22. exf5 Ra5 23. f6 Qd8 24. Rd5 Rxd5 25. Qxd5 Qxf6 26. Bxa4 Nc5 27. Bc2 Rd8 28.
Qe5 Nce4 29. Qxf6 Bxf2+ 30. Kf1 gxf6 31. Bxh6 Bg3 32. Rd1 f5 33. Be3 Re8 34.
Bd4 c5 35. Bg1 Bf4 36. Bf2 Re6 37. Kg1 Nc4 38. Bb3 Nxf2 39. Rd8+ Kg7 40. Bxc4
Re4 41. Kxf2 Be3+ 42. Kf1 Rxc4 43. Rd3 Re4 44. Nd2 Re6 45. Nc4 Bf4 46. Kf2 Bg5
47. Rd5 Rg6 48. Rxc5 Bh4+ 49. Kf1 Re6 50. Re5 Rc6 51. Ne3 Kf6 52. Rxf5+ Kg6 53.
Rf3 Rd6 54. Ke2 Bg5 55. c4 f5 56. Nd5 Rd8 57. Kd3 f4 58. Kc3 Kf5 59. b4 Ke4 60.
b5 Rf8 61. Kb3 Bh6 62. Nc3+ Ke5 63. g3 fxg3 64. Rxg3 Rf1 65. a4 {
and White won in 76} 1-0

[Event "Divinsky mem."]
[Site "Winnipeg MAN"]
[Date "2019.04.09"]
[Round "2.2"]
[White "Melnyk, Jim"]
[Black "Abioye, Yemi"]
[Result "0-1"]
[WhiteElo "1673"]
[BlackElo "2047"]
[PlyCount "78"]
[EventDate "2019.04.02"]
[EventType "swiss"]
[EventRounds "4"]
[EventCountry "CAN"]

1. e4 e6 2. Nc3 d5 3. d4 Nf6 4. e5 Nfd7 5. Nf3 c5 6. Bg5 Qb6 7. Na4 Qa5+ 8. Nc3
cxd4 9. Qxd4 Bc5 10. Qd3 Nc6 11. Qb5 Qc7 12. Bf4 a6 13. Qd3 Qb6 14. Nd1 Bd4 15.
Nxd4 Qxd4 16. Bg3 Qxd3 17. Bxd3 Ndxe5 18. Be2 b5 19. c3 Ke7 20. O-O Nc4 21. Rb1
Nd2 22. Rc1 Nxf1 23. Kxf1 e5 24. Ne3 Be6 25. f3 Rac8 26. Bd3 g6 27. Nc2 f6 28.
Ra1 Rhd8 29. a4 Rb8 30. b4 d4 31. cxd4 Nxd4 32. Nxd4 Rxd4 33. Be2 Rxb4 34. axb5
axb5 35. Bf2 Rc8 36. Ra7+ Bd7 37. Be3 Rb1+ 38. Kf2 Rc2 39. Ra3 Rbb2 0-1

[Event "Divinsky mem."]
[Site "Winnipeg MAN"]
[Date "2019.04.09"]
[Round "2.3"]
[White "Boron, Anthony"]
[Black "MacPherson, Al"]
[Result "0-1"]
[WhiteElo "1983"]
[BlackElo "1688"]
[PlyCount "50"]
[EventDate "2019.04.02"]
[EventType "swiss"]
[EventRounds "4"]
[EventCountry "CAN"]

1. d4 d5 2. Nf3 e6 3. e3 Nf6 4. Bd3 c5 5. b3 Be7 6. O-O O-O 7. Bb2 Nc6 8. Nbd2
a6 9. c4 dxc4 10. Nxc4 b5 11. Nce5 Bb7 12. Rc1 Nxe5 13. Nxe5 Rc8 14. Qe2 Nd5
15. dxc5 Bxc5 16. Rfd1 Qg5 17. Nf3 Qh6 18. Bd4 Bxd4 19. Nxd4 Nc3 20. Qf1 Nxd1
21. Rxd1 Rfd8 22. Qe2 Qg5 23. f4 Qf6 24. Qh5 h6 25. Rf1 Rxd4 0-1

[Event "Divinsky mem."]
[Site "Winnipeg MAN"]
[Date "2019.04.09"]
[Round "2.5"]
[White "Rutter, Blair"]
[Black "Czarny, Keith"]
[Result "0-1"]
[WhiteElo "1921"]
[BlackElo "1687"]
[PlyCount "88"]
[EventDate "2019.04.02"]
[EventType "swiss"]
[EventRounds "4"]
[EventCountry "CAN"]

1. c4 e6 2. e4 c5 3. g3 Nc6 4. Bg2 Nf6 5. Nc3 Be7 6. d3 O-O 7. Nge2 d6 8. O-O
e5 9. h3 Nd7 10. Kh2 Bg5 11. f4 exf4 12. Nxf4 Nd4 13. Be3 Bxf4 14. Rxf4 Ne6 15.
Rf2 Ne5 16. Qd2 Bd7 17. Rd1 h5 18. Qe2 h4 19. g4 Nc6 20. Qd2 Qc8 21. Nb5 Qb8
22. Bf4 Nxf4 23. Qxf4 Ne5 24. Nc3 Ng6 25. Qg5 d5+ 26. Kh1 d4 27. Nd5 Be8 28.
Rdf1 Qd8 29. Qd2 Rc8 30. Re2 Ne5 31. Ref2 Rc6 32. Bf3 Re6 33. Be2 Qd6 34. Qg5
Ng6 35. Nf4 Re5 36. Nxg6 Rxg5 37. Nxf8 Qxf8 38. b3 f6 39. Bf3 Qd6 40. Rg1 Qf4
41. Rgg2 Bd7 42. e5 Qc1+ 43. Rg1 Qe3 44. Rgf1 Rxe5 0-1

[Event "Divinsky mem."]
[Site "Winnipeg MAN"]
[Date "2019.04.09"]
[Round "2.6"]
[White "Leaden, Bruce"]
[Black "Green, Jim"]
[Result "0-1"]
[WhiteElo "1481"]
[BlackElo "1871"]
[PlyCount "44"]
[EventDate "2019.04.02"]
[EventType "swiss"]
[EventRounds "4"]
[EventCountry "CAN"]

1. f4 d5 2. Nf3 Bg4 3. h3 Bxf3 4. exf3 e6 5. Qe2 Nc6 6. d3 Qh4+ 7. Qf2 Qxf2+ 8.
Kxf2 Nd4 9. Nc3 Nxc2 10. Rb1 Bc5+ 11. Kg3 Nd4 12. b4 Bb6 13. Kh2 Ne7 14. Na4
Nef5 15. Nxb6 axb6 16. Rb2 O-O 17. Be2 Ra7 18. g4 Nxe2 19. Rxe2 Nd4 20. Rf2
Rfa8 21. a3 Nb5 22. Rc2 c6 0-1

[Event "Divinsky mem."]
[Site "Winnipeg MAN"]
[Date "2019.04.09"]
[Round "2.7"]
[White "Piche, Zachary"]
[Black "Furda, Ievgeniia-Diana"]
[Result "1/2-1/2"]
[WhiteElo "1494"]
[BlackElo "1595"]
[PlyCount "93"]
[EventDate "2019.04.02"]
[EventType "swiss"]
[EventRounds "4"]
[EventCountry "CAN"]

1. Nf3 Nf6 2. c4 g6 3. Nc3 Bg7 4. d4 d6 5. g3 Nbd7 6. Bg2 O-O 7. O-O a6 8. Rb1
Ng4 9. b4 e5 10. e3 exd4 11. exd4 Rb8 12. Bf4 Nb6 13. Qb3 Be6 14. d5 Bf5 15.
Rbd1 Qf6 16. Ne2 Qb2 17. Ned4 Qxb3 18. axb3 Be4 19. b5 axb5 20. Nxb5 Rbc8 21.
Bxd6 cxd6 22. Nxd6 Bc2 23. Nxc8 Rxc8 24. Rc1 Bxb3 25. Rb1 Bxc4 26. Rfc1 Bxd5
27. Rd1 Na4 28. Re1 Bc6 29. h3 Nh6 30. g4 Kf8 31. Ng5 Bc3 32. Rec1 Bd2 33.
Nxh7+ Kg7 34. Rc2 Nc3 35. Rbb2 Ne2+ 36. Kf1 Bxg2+ 37. Kxg2 Rxc2 38. Rxc2 Bf4
39. Rxe2 Kxh7 40. Re7 Kg7 41. Rxb7 Ng8 42. Rb4 Bd6 43. Rd4 Be5 44. Re4 Bd6 45.
Re2 Nf6 46. f3 Bf4 47. Rf2 1/2-1/2

[Event "Divinsky mem."]
[Site "Winnipeg MAN"]
[Date "2019.04.09"]
[Round "2.8"]
[White "Gannon, Keith"]
[Black "Crawford, Gary"]
[Result "0-1"]
[WhiteElo "1481"]
[BlackElo "1584"]
[PlyCount "86"]
[EventDate "2019.04.02"]
[EventType "swiss"]
[EventRounds "4"]
[EventCountry "CAN"]

1. Nf3 d5 2. d4 Nf6 3. e3 Bg4 4. Be2 e6 5. O-O Bd6 6. Nbd2 Nbd7 7. c4 c6 8.
cxd5 exd5 9. h3 Bh5 10. a3 Qc7 11. b4 O-O 12. Bb2 Rfe8 13. Re1 h6 14. Nf1 Ne4
15. Ne5 Bxe2 16. Qxe2 Nxe5 17. dxe5 Bxe5 18. Bxe5 Qxe5 19. Nd2 Nxd2 20. Qxd2
Rad8 21. Qc2 Qe4 22. Qxe4 dxe4 23. Red1 Rd3 24. Kf1 Red8 25. Ke2 Rxd1 26. Rxd1
Rxd1 27. Kxd1 f5 28. h4 Kf7 29. Kd2 Ke6 30. Kc3 Kd5 31. Kb3 b5 32. Kc3 c5 33.
bxc5 Kxc5 34. f3 a5 35. Kb3 b4 36. a4 Kd5 37. f4 Ke6 38. Kc4 Kf6 39. h5 g6 40.
hxg6 Kxg6 41. g3 Kh5 42. Kb5 Kg4 43. Kxa5 b3 0-1

[Event "Divinsky mem."]
[Site "Winnipeg MAN"]
[Date "2019.04.09"]
[Round "2.9"]
[White "Magyar, Peter"]
[Black "Myrzaibraimova, Alia"]
[Result "1-0"]
[WhiteElo "1518"]
[BlackElo "1272"]
[PlyCount "79"]
[EventDate "2019.04.02"]
[EventType "swiss"]
[EventRounds "4"]
[EventCountry "CAN"]

1. d4 d5 2. Bf4 Nc6 3. c3 Nf6 4. e3 Bf5 5. Be2 e6 6. Nd2 h5 7. Ngf3 Qd7 8. a3
O-O-O 9. h3 Ne8 10. b4 f6 11. Nb3 g5 12. Nxg5 e5 13. dxe5 fxg5 14. Bxg5 Be7 15.
Nc5 Bxc5 16. Bxd8 Qxd8 17. bxc5 Nxe5 18. Qd4 Nf7 19. c6 b6 20. Ba6+ Kb8 21. a4
Qd6 22. Bd3 Be6 23. a5 Qxc6 24. axb6 cxb6 25. O-O Bd7 26. Rfb1 Qh6 27. Qxd5
Nfd6 28. Qa5 Nc8 29. Ba6 Qg6 30. Qe5+ Nc7 31. Qxh8 Bxh3 32. g3 Qe4 33. Bf1 Be6
34. Bg2 Qg6 35. Qe5 Bf5 36. Rb2 h4 37. Ra5 Bd7 38. Rc5 Qd6 39. Qe4 hxg3 40.
Qb7# 1-0